El imperio de las cinco lunas / (Registro nro. 3486)

Detalles MARC
000 -LEADER
fixed length control field 00945nam a2200241Ia 4500
003 - CONTROL NUMBER IDENTIFIER
control field OSt
005 - DATE AND TIME OF LATEST TRANSACTION
control field 20250711162418.0
008 - FIXED-LENGTH DATA ELEMENTS--GENERAL INFORMATION
fixed length control field 191128s1998 ck a r 000 f spa d
020 ## - INTERNATIONAL STANDARD BOOK NUMBER
International Standard Book Number 9580442789
040 ## - CATALOGING SOURCE
Original cataloging agency CO-JMCR
Transcribing agency CO-JMCR
041 ## - LANGUAGE CODE
Language code of text/sound track or separate title spa
082 04 - DEWEY DECIMAL CLASSIFICATION NUMBER
Classification number N
Item number ROMi
100 1# - MAIN ENTRY--PERSONAL NAME
Personal name Román, Celso,
Relator term autor
9 (RLIN) 8074
245 13 - TITLE STATEMENT
Title El imperio de las cinco lunas /
Statement of responsibility, etc. Celso Román
260 ## - PUBLICATION, DISTRIBUTION, ETC.
Place of publication, distribution, etc. Bogotá :
Name of publisher, distributor, etc. Norma,
Date of publication, distribution, etc. 1998
300 ## - PHYSICAL DESCRIPTION
Extent 346 páginas,
Other physical details ilustraciones blanco y negro ;
Dimensions 19 cm.
490 0# - SERIES STATEMENT
Series statement Torre de papel amarillo
500 ## - GENERAL NOTE
General note Incluye datos biográficos del autor en contraportada
505 ## - FORMATTED CONTENTS NOTE
Formatted contents note El origen -- El viaje -- Los sacrificios
520 ## - SUMMARY, ETC.
Summary, etc. La luna de Payara te mostrará tu origen, la luna venado te enseñará la cautela, la luna de Águila te llevará a la sabiduría, la luna del Armadillo te dejará ver la luz en a oscuridad y la luna del armadillo.
650 14 - SUBJECT ADDED ENTRY--TOPICAL TERM
Topical term or geographic name entry element Novela infantil
General subdivision Siglo XX
9 (RLIN) 8075
942 ## - ADDED ENTRY ELEMENTS (KOHA)
Source of classification or shelving scheme Dewey Decimal Classification
Koha item type Books
Existencias
Withdrawn status Lost status Source of classification or shelving scheme Damaged status Not for loan Collection code Home library Current library Date acquired Coded location qualifier Total Checkouts Full call number Barcode Date last seen Date last checked out Copy number Koha item type
    Dewey Decimal Classification     Fiction Biblioteca Pública José María del Castillo y Rada Biblioteca Pública José María del Castillo y Rada 11/28/2019 Donación 7 N ROMi 201807338 07/30/2025 07/29/2025 Ej.1 Books